|
|
|
|
| LEADER |
00810nab a2200217 i 4500 |
| 001 |
acta8743 |
| 005 |
20240426145523.0 |
| 008 |
161015s2004 hu o 000 hun d |
| 022 |
|
|
|a 1586-0116
|
| 040 |
|
|
|a SZTE Egyetemi Kiadványok Repozitórium
|b hun
|
| 041 |
|
|
|a hun
|
| 100 |
1 |
|
|a Francheski Branko
|
| 245 |
1 |
0 |
|a Zlatko Kopljar művészetéről
|h [elektronikus dokumentum] /
|c Francheski Branko
|
| 260 |
|
|
|a Pompeji Alapítvány
|b Szeged
|c 2004
|
| 300 |
|
|
|a 137-139
|
| 490 |
0 |
|
|a Fosszília
|
| 650 |
|
4 |
|a Bölcsészettudományok
|
| 650 |
|
4 |
|a Művészetek (művészetek, művészettörténet, előadóművészetek, zene)
|
| 695 |
|
|
|a Kopljar Zlatko, Képzőművészet - bosnyák - 20-21. sz.
|
| 700 |
0 |
1 |
|a Orcsik Roland
|
| 856 |
4 |
0 |
|u http://acta.bibl.u-szeged.hu/8743/1/fosszilia_2004_4_137-139.pdf
|z Dokumentum-elérés
|